000
00318nam a2200133Ia 4500
008
151001s9999||||xx |||||||||||||| ||und||
100
_a
गुलजार
245
_a
अंगूर
250
_a
1
260
_b
हिंद पॉकेट बुक्स
260
_c
1982
300
_a
152
365
_b
17
999
_c
961914
_d
961911